000
00299nam a22001337a 4500
008
171127b xxu||||| |||| 00| 0 eng d
020
_a
04710214047
041
_a
eng
080
_a
62
100
_a
27
101
_a
ENG
245
_a
ADVANCED ENGINEERING MATHEMATICS
_c
ERWIN.K
942
_2
udc
_c
BK
999
_c
38549
_d
38549